[Event "Montaiguillon rapid 1st"]
[Site "Montagne"]
[Date "2019.09.08"]
[Round "2"]
[White "Galon, Sascha"]
[Black "Moussard, Jules"]
[Result "0-1"]
[WhiteElo "1970"]
[BlackElo "2608"]
[PlyCount "64"]
[EventDate "2019.09.08"]
[EventType "swiss (rapid)"]
[EventRounds "9"]
[EventCountry "FRA"]
[SourceTitle "EXT 2020"]
[Source "ChessBase"]
[SourceDate "2019.10.17"]
[SourceVersion "1"]
[SourceVersionDate "2019.10.17"]
[SourceQuality "1"]

1. e4 g6 2. d4 Bg7 3. Nc3 a6 4. Nf3 d6 5. Bg5 Bg4 6. Bc4 h6 7. Be3 Nc6 8. h3 Bxf3 9. Qxf3 e6 10. 0-0-0 b5 11. e5 Nge7 12. Bb3 d5 13. g4 Na5 14. Qe2 Qd7 15. f4 Nc4 16. Rhf1 h5 17. Bxc4 bxc4 18. Qd2 Rb8 19. b3 Qc6 20. Kb2 Bf8 21. Ka1 Nc8 22. Na4 Bb4 23. c3 Be7 24. Rb1 cxb3 25. Rxb3 Rb5 26. Rxb5 Qxb5 27. Qd1 hxg4 28. hxg4 Rh3 29. Bc1 Nb6 30. Nxb6 cxb6 31. Bb2 Rh2 32. Qb1 Rxb2 0-1